Deutsche Städte mit C - Statistiken

Allgemein
  • Dieses Quiz wurde 54 mal gespielt
  • Das Durchschnittsergebnis liegt bei 13 aus 23
Antwortstatistiken
Einwohnerzahl Bundesland Regierungsbezirk Landkreis Verbandsgemeinde / Verwaltungsgemeinschaft / Amt Stadt % Korrekt
70.138 Niedersachsen - Celle - Celle
98%
248.563 Sachsen - - - Chemnitz
98%
37.056 Niedersachsen - Cloppenburg - Cloppenburg
91%
48.562 Niedersachsen - Cuxhaven - Cuxhaven
91%
37.259 Nordrhein-Westfalen Münster Coesfeld - Coesfeld
89%
24.219 Baden-Württemberg Karlsruhe Calw - Calw
87%
5.288 Rheinland-Pfalz - Cochem-Zell Cochem Cochem
85%
100.010 Brandenburg - - - Cottbus
83%
42.139 Bayern Oberfranken - - Coburg
78%
5.111 Bayern Oberfranken Bayreuth Creußen Creußen
76%
18.567 Sachsen - Zwickau Crimmitschau-Dennheritz Crimmitschau
76%
4.778 Mecklenburg-Vorpommern - Ludwigslust-Parchim Crivitz Crivitz
74%
74.370 Nordrhein-Westfalen Münster Recklinghausen - Castrop-Rauxel
65%
35.760 Baden-Württemberg Stuttgart Schwäbisch Hall - Crailsheim
50%
15.286 Niedersachsen - Goslar - Clausthal-Zellerfeld
30%
17.593 Bayern Oberpfalz Cham - Cham (Oberpfalz)
20%
11.468 Sachsen-Anhalt - Wittenberg - Coswig (Anhalt)
17%
20.512 Sachsen - Meißen - Coswig (Sachsen)
11%
4.595 Baden-Württemberg Stuttgart Main-Tauber-Kreis - Creglingen
11%
7.695 Brandenburg - Oberspreewald-Lausitz - Calau
9%
8.381 Sachsen - Leipzig - Colditz
9%
8.078 Sachsen-Anhalt - Salzlandkreis - Calbe (Saale)
4%
1.037 Thüringen - Kyffhäuserkreis Greußen Clingen
4%
Keine übereinstimmenden Quizze gefunden
Verteilung der Resultate
Anzahl Personen mit jedem Resultat
Perzentil nach korrekt beantworteten Fragen
Ihre Resultats-Entwicklung
Sie haben dieses Quiz noch nicht gespielt